О нормировании расхода лесных материалов для крепления очистного пространства при разработке пластовых месторождений с обрушением кровли

Détails bibliographiques
Auteur principal: Пак В.
Collectivité auteur: Государственный дальневосточный университет (ГДУ)
Résumé:Парал. заглавие, резюме на фр. яз.
Langue:russe
Publié: Владивосток, Типография ГДУ, 1927
Collection:Труды государственного Дальневосточного университета
Серия 12: Горное дело № 2
Sujets:
Format: MixedMaterials Livre
KOHA link:https://koha.lib.tpu.ru/cgi-bin/koha/opac-detail.pl?biblionumber=328812

MARC

LEADER 00000nam0a2200000 4500
001 328812
005 20231102004111.0
035 |a (RuTPU)RU\TPU\book\354512 
035 |a RU\TPU\book\354511 
090 |a 328812 
100 |a 20170222d1927 k y0rusy50 ca 
101 0 |a rus 
102 |a RU 
105 |a y z 000zy 
200 1 |a О нормировании расхода лесных материалов для крепления очистного пространства при разработке пластовых месторождений с обрушением кровли  |d Sur la normalisation des depenses des materiaux de bois pour confirmer une espace deblayee lors d'exploitationdes gisements de couche avec ecroulement du toit  |f В. Пак  |g Государственный дальневосточный университет (ГДУ) 
210 |a Владивосток  |c Типография ГДУ  |d 1927 
215 |a 20 с. 
225 1 |a Труды государственного Дальневосточного университета 
225 1 |a Серия 12: Горное дело  |v № 2 
300 |a Парал. заглавие, резюме на фр. яз. 
510 1 |a Sur la normalisation des depenses des materiaux de bois pour confirmer une espace deblayee lors d'exploitationdes gisements de couche avec ecroulement du toit  |z fre 
606 1 |a Нефтяные скважины  |x Крепление  |2 stltpush  |3 (RuTPU)RU\TPU\subj\46111  |9 65296 
610 1 |a кровля 
610 1 |a обрушение 
610 1 |a очистное пространство 
610 1 |a лесные материалы 
610 1 |a расход 
610 1 |a нормирование 
610 1 |a расчеты 
675 |a 622.245.1  |v 4 
700 1 |a Пак  |b В. 
712 0 2 |a Государственный дальневосточный университет (ГДУ)  |c (Владивосток)  |c (1920-1930)  |2 stltpush  |3 (RuTPU)RU\TPU\col\19935 
801 1 |a RU  |b 63413507  |c 20170216 
801 2 |a RU  |b 63413507  |c 20170317  |g RCR 
942 |c BK